| 000 | 00934nam a2200217 a 4500 | ||
|---|---|---|---|
| 001 | 000041807 | ||
| 005 | 20201002035751.0 | ||
| 008 | 131011s1998 sp 000 0 spa d | ||
| 020 | _a8400077679 | ||
| 040 |
_aDO-SdBNP _bspa _cBNPHU |
||
| 100 | 1 |
_aIyad, Muhammad B. _968679 |
|
| 240 | 1 | 0 |
_aMadahib Al-Hukkam fi Nawazil Al-Ahkam _lEspañol-Arabe |
| 245 | 1 | 0 |
_aMadahib Al-Hukkam fi Nawazil Al-Ahkam : _b(la actuación de los jueces en los procesos judiciales) / _cMuhammad B. Iyad; traducción y estudio, Delfina Serrano. |
| 260 |
_aMadrid, : _bConsejo Superior de Investigaciones Científicas, _bAgencia Española de Cooperación Internacional, _c1998. |
||
| 300 |
_a606 p. ; _c24 cm. |
||
| 490 | 1 |
_aFuentes Arábico-Hispanas _v22 |
|
| 546 | _aTexto en Arabe (maltes) y traducido al español | ||
| 500 | _aIncluye notas a pie de páginas | ||
| 700 | 1 |
_aSerrano, Delfina _etrad. _968680 |
|
| 830 | 0 |
_aFuentes Arábico-Hispanas _v22 _965581 |
|
| 999 |
_c41296 _d41296 |
||